Spółki akcyjne notowane na WIG20 - Statystyki

Ogólne statystyki
  • Ten quiz został rozwiązany 162 razy
    131 od ostatniego zresetowania
  • Średni wynik to 12 z 20
Statystyki odpowiedzi
Ticker Odpowiedź % Poprawnych
PGE Polska Grupa Energetyczna
88%
CCC CCC
85%
PKN Polski Koncern Naftowy ORLEN
85%
PZU Powszechny Zakład Ubezpieczeń
81%
KGH KGHM Polska Miedź
77%
JSW Jastrzębska Spółka Węglowa
68%
MBK mBank
68%
PEO Bank Polska Kasa Opieki
64%
ALR Alior Bank
61%
LPP LPP
61%
ENG Energa
58%
BZW Bank Zachodni WBK
54%
LTS Lotos
50%
PGN Polskie Górnictwo Naftowe i Gazownictwo
50%
TPE Tauron Polska Energia
49%
PKO Powszechna Kasa Oszczędności Bank Polski
45%
CPS Cyfrowy Polsat
39%
ACP Asseco Poland
36%
EUR Eurocash
29%
OPL Orange Polska
19%
Nie znaleziono quizów pasujących do podanych kryteriów
Rozkład punktacji
Procent ludzi z każdym wynikiem
Percentyl według liczby udzielonych odpowiedzi
Twoja historia wyników
Nie rozwiązałeś tego quizu od ostatniego zresetowania